Nicaragua: consideraciones sobre la alternativa estratégica /

Shranjeno v:
Bibliografske podrobnosti
Glavni avtor: García, Aracelly
Format: Texto
Teme:
Oznake: Označite
Brez oznak, prvi označite!

MARC

LEADER 00000 a a2200000 04500
001 233
003
040
100 |a García, Aracelly  
245 |a Nicaragua:   |b consideraciones sobre la alternativa estratégica /  |c Aracelly García 
650 |a CRISIS ECONOMICA  
650 |a ECONOMIA  
650 |a ESTRATEGIA DEL DESARROLLO  
650 |a NICARAGUA  
773 |g número 1; páginas 39-57  
999 |c 28706  |d 28706 
773 0 |0 41952  |9 3364  |d Madrid: Solidaridad para el desarrollo y la paz, SODEPAZ-SODEPAU; Asociación Andaluza por la solidaridad y la paz 1990-  |o 03610  |t Africa América Latina:  |x 11302569